US States That Start With N - Flag Quiz - Statistics

General Stats
  • This quiz has been taken 41 times
  • The average score is 6 of 8
Answer Stats
Picture Answer % Correct
Nebraska
93%
Nevada
75%
New Mexico
71%
North Carolina
71%
New Jersey
68%
New York
68%
North Dakota
64%
New Hampshire
61%
No matching quizzes found
Score Distribution
Percent of People with Each Score
Percentile by Number Answered
Your Score History
You have not taken this quiz